000 00648nam a2200181Ia 4500
008 151018s9999 xx 000 0 und d
082 _bRBASDV60496
_a891.433
100 _aहरीन मजिठिया
245 _aये कहानियां कुछ कहती है
250 _b1
260 _bपंकज बुक्स
_c2010
300 _a70
600 _aहरीन मजिठिया
630 _aये कहानियां कुछ कहती है
700 _aहरीन मजिठिया
730 _aये कहानियां कुछ कहती है
942 _cBOOK
999 _c1054018
_d1054015